000 00507nam a2200181Ia 4500
003 GCL
008 140319s9999 xx 000 0 ara d
040 _aGCL /
_cGCL
082 0 4 _a938
_bم ت
100 1 _aمصطفى الرومان
245 1 0 _aتاريخ الرومان /
_cمصطفى الرومان
300 _a235 ص
490 _aكتاب
_v0
650 0 4 _aالملوك والحكام
650 0 4 _aالروم - تاريخ
650 0 4 _aالعالم القديم - تاريخ
942 _2ddc
_cBK
999 _c42984
_d42984